=LDR 00000nam 2200000 4500 =001 000299 =005 20250710013612 =035 ##$$a 0010-0725000150 =007 ta =008 250710################a##########0#ind## =020 ##$$a 978-623-307-118-833-5 =082 ##$$a 398.209 598 =084 ##$$a 398.209 598 OKT f =100 #$$a Oktavia, Wenny =245 1#$$a Fokus! Fokus! Lempar! /$c Weni Oktavia =250 ##$$a Cetakan Pertama =260 ##$$a Jakarta Timur :$b Badan Pengembangan dan Pembinaan Bahasa,$c 2024 =300 ##$$a 24 hlm. : $b Ilus. ; $c 29,7 cm =650 #4$$a Cerita Anak - Indonesia =856 ##$$a TBM As suhada =990 ##$$a TBM202400662